000 00703nam a2200253Ia 4500
003 GCL
008 140319s9999 xx 000 0 ara d
040 _aGCL /
_cGCL
082 0 4 _aط
_b372.241
_bم ق
100 1 _aمكتبة لبنان
245 1 0 _aالقراءة المشوقة /
_cمكتبة لبنان
260 _a[S.N] :
_bمكتبة لبنان ،
_c1991
300 _a68 ص
490 _a
650 0 4 _aالاطفال
650 0 4 _aالكتابة
650 0 4 _aالقراءة
650 0 4 _aالتثقيف
650 0 4 _aالثقافة الذاتية
650 0 4 _aكتب الاطفال
650 0 4 _aالابجدية
650 0 4 _aالكتب والقراءة
942 _2ddc
_cBK
999 _c33263
_d33263